The Aims of argument: A Text and Reader. (Record no. 4995)

MARC details
005 - DATE AND TIME OF LATEST TRANSACTION
control field 20250625100037.0
020 ## - INTERNATIONAL STANDARD BOOK NUMBER
International Standard Book Number 0-7674-3036-0
082 ## - DEWEY DECIMAL CLASSIFICATION NUMBER
Classification number 808.0427 CRU
100 ## - MAIN ENTRY--PERSONAL NAME
Author name CRSIUS, T. W.
245 ## - TITLE STATEMENT
Title The Aims of argument: A Text and Reader.
250 ## - EDITION STATEMENT
Edition statement 4th Ed.
260 ## - PUBLICATION, DISTRIBUTION, ETC.
Place of publication, distribution, etc. New York.
Name of publisher, distributor, etc. Mc Graw-Hill Irwin,
Date of publication, distribution, etc. 2003.
300 ## - PHYSICAL DESCRIPTION
Extent xxiv, 894p.: ill.; picture, table
Other physical details GLOSSARY & Index
Dimensions 24cm
700 ## - ADDED ENTRY--PERSONAL NAME
Other authors/Editors CHANNELL, C. E.
942 ## - ADDED ENTRY ELEMENTS (KOHA)
Source of classification or shelving scheme Dewey Decimal Classification
Koha item type Books
Holdings
Date last seen Total checkouts Full call number Barcode Cost, replacement price Price effective from Koha item type Lost status Source of classification or shelving scheme Damaged status Not for loan Withdrawn status Home library Current library Shelving location Date acquired Cost, normal purchase price
06/25/2025   808.04427 CRU DOM0002813 135000.00 06/25/2025 Books   Dewey Decimal Classification       CBE Dodoma CBE Dodoma General Collection 04/26/2010 45000.00